[Event "Prague Masters 2025"]
[Site "Praga"]
[Date "04.03.2025"]
[Round "6"]
[White "Keymer, Vincent"]
[Black "Giri, Anish"]
[Result "1/2-1/2"]
[WhiteTitle "GM"]
[BlackTitle "GM"]
[WhiteElo "2731"]
[BlackElo "2728"]
[WhiteFideId "12940690"]
[BlackFideId "24116068"]
[EventDate "26.02.2025"]

1. d4 d5 2. c4 e6 3. Nf3 Nf6 4. g3 dxc4 5. Bg2 c5 6. O-O Nc6 7. dxc5 Qxd1 8.
Rxd1 Bxc5 9. Nbd2 c3 10. bxc3 O-O 11. Nb3 Be7 12. c4 Bd7 13. Bb2 Rfd8 14. c5 Be8
15. Ne5 Rxd1+ 16. Rxd1 Rd8 17. Rc1 Nxe5 18. Bxe5 Nd5 19. Na5 b6 20. Nb7 Rc8 21.
Nd6 Bxd6 22. Bxd6 f5 23. e4 fxe4 24. Bxe4 bxc5 25. Rxc5 Rxc5 26. Bxc5 Nc3 27.
Bd3 Nxa2 28. Bc4 Nc3 29. Bxe6+ Bf7 30. Bxf7+ Kxf7 31. Bxa7 g5 32. f3 h5 33. Kf2
Kg6 34. Ke3 Kf5 35. h3 g4 36. fxg4+ hxg4 37. h4 Ne4 38. Bb8 Nf6 39. Kd4 Ne4 40.
Bc7 Nd2 41. Kd5 Kg6 42. Ke5 Nf3+ 43. Kf4 Kh5 44. Bd8 Nh2 1/2-1/2

[Event "Prague Masters 2025"]
[Site "Praga"]
[Date "04.03.2025"]
[Round "6"]
[White "Aravindh, Chithambaram VR."]
[Black "Le, Quang Liem"]
[Result "1/2-1/2"]
[WhiteTitle "GM"]
[BlackTitle "GM"]
[WhiteElo "2729"]
[BlackElo "2739"]
[WhiteFideId "5072786"]
[BlackFideId "12401137"]
[EventDate "26.02.2025"]

1. d4 d5 2. Nf3 Nf6 3. c4 e6 4. Nc3 Nbd7 5. Bg5 Be7 6. e3 O-O 7. Rc1 h6 8. Bh4
c5 9. cxd5 Nxd5 10. Bxe7 Nxe7 11. Be2 b6 12. O-O Bb7 13. dxc5 Nxc5 14. b4 Ne4
15. Nxe4 Bxe4 16. Qa4 Rc8 17. b5 Rxc1 18. Rxc1 Bxf3 19. Bxf3 Qb8 20. Rd1 Rc8 21.
h3 Rc5 22. g3 Nd5 23. Bxd5 exd5 24. Qb3 Qe5 25. Rd4 Qe6 26. Kh2 Rc4 27. Rd2 Qe4
28. Qd3 Qxd3 29. Rxd3 Rc2 30. Kg2 Rxa2 31. Rxd5 Kf8 32. Rd7 1/2-1/2

[Event "Prague Masters 2025"]
[Site "Praga"]
[Date "04.03.2025"]
[Round "6"]
[White "Shankland, Sam"]
[Black "Praggnanandhaa, Rameshbabu"]
[Result "1/2-1/2"]
[WhiteTitle "GM"]
[BlackTitle "GM"]
[WhiteElo "2670"]
[BlackElo "2741"]
[WhiteFideId "2004887"]
[BlackFideId "25059530"]
[EventDate "26.02.2025"]

1. e4 e5 2. Nf3 Nc6 3. Bc4 Bc5 4. c3 d6 5. d3 h6 6. Nbd2 a6 7. Nf1 Nf6 8. Ng3
Ba7 9. a4 O-O 10. O-O Ne7 11. Bb3 Ng6 12. d4 Bg4 13. h3 Bxf3 14. Qxf3 exd4 15.
cxd4 Bxd4 16. Nf5 Be5 17. Kh1 c6 18. Qe2 d5 19. f4 Bc7 20. e5 Ne4 21. Bc2 Ne7
22. Bxe4 dxe4 23. Nxh6+ gxh6 24. f5 Bxe5 25. Bxh6 Qd6 26. Qg4+ Kh7 27. Bxf8 Rxf8
28. Qh4+ Kg7 29. Qg5+ Kh7 30. f6 Ng6 31. Rae1 Bf4 32. Qh5+ Bh6 33. Rxe4 Qd3 34.
Rfe1 Qg3 35. Rd1 Qf2 36. Qe2 Qxf6 37. Rf1 Qg5 38. h4 Nxh4 39. Rg4 Qd8 40. Rd1
Qf6 41. Rf1 Qd8 42. Rd1 Qf6 43. Rf1 1/2-1/2

[Event "Prague Masters 2025"]
[Site "Praga"]
[Date "05.03.2025"]
[Round "7"]
[White "Gurel, Ediz"]
[Black "Nguyen, Thai Dai Van"]
[Result "1-0"]
[WhiteTitle "GM"]
[BlackTitle "GM"]
[WhiteElo "2624"]
[BlackElo "2668"]
[WhiteFideId "44507356"]
[BlackFideId "358878"]
[EventDate "26.02.2025"]

1. e4 e5 2. Nf3 Nc6 3. Bb5 a6 4. Ba4 Nf6 5. O-O Be7 6. Bxc6 dxc6 7. d3 Nd7 8.
Be3 O-O 9. Nc3 Re8 10. a4 b6 11. Ne2 b5 12. Ng3 Bf8 13. Kh1 Nb6 14. b3 Bd7 15.
Nd2 Bb4 16. f4 exf4 17. Bxf4 Bc3 18. a5 Nc8 19. Ra2 Be6 20. Nf3 Bg4 21. h3 Bxf3
22. Qxf3 Qd7 23. Ne2 Bb4 24. c3 Bf8 25. Bg3 f6 26. Nf4 Bd6 27. Nh5 Bxg3 28. Qxg3
Kh8 29. e5 Qf7 30. exf6 g6 31. Ng7 Rf8 32. Re2 Nd6 33. Ne6 Rae8 34. Ng5 Qd5 35.
c4 bxc4 36. bxc4 Qxa5 37. Rxe8 Nxe8 38. c5 Qa2 39. Qe5 1-0

[Event "Prague Masters 2025"]
[Site "Praga"]
[Date "05.03.2025"]
[Round "7"]
[White "Navara, David"]
[Black "Keymer, Vincent"]
[Result "1/2-1/2"]
[WhiteTitle "GM"]
[BlackTitle "GM"]
[WhiteElo "2677"]
[BlackElo "2731"]
[WhiteFideId "309095"]
[BlackFideId "12940690"]
[EventDate "26.02.2025"]

1. d4 Nf6 2. c4 e6 3. Nf3 d5 4. Nc3 c6 5. Bg5 Nbd7 6. e3 Qa5 7. Nd2 dxc4 8. Bxf6
Nxf6 9. Nxc4 Qc7 10. Rc1 Bd6 11. f4 O-O 12. Bd3 Be7 13. O-O c5 14. dxc5 Bxc5 15.
Kh1 Qe7 16. e4 e5 17. Nxe5 Be3 18. Rc2 Bxf4 19. Nxf7 Bxh2 20. Bc4 Be6 21. Bxe6
Qxe6 22. Ng5 Qg4 23. Nd5 Qxg5 24. Nxf6+ Rxf6 25. Rxf6 Qxf6 26. Kxh2 Qh4+ 27. Kg1
Qxe4 28. Rf2 h6 29. Qb3+ Kh8 30. Qf3 Qe1+ 31. Kh2 Re8 32. Qg3 Qb4 33. Rc2 Qd4
34. Qc3 Qd6+ 35. Kg1 Qd1+ 36. Kh2 Qd5 37. Rd2 Qf7 38. Rd4 Qf5 39. Qd2 Qh5+ 40.
Kg1 Qc5 41. b4 Qe7 42. Qf2 b5 43. Kh2 Qe5+ 44. Qf4 Qh5+ 45. Qh4 Qf7 46. Rd6 Qc7
47. Qg3 Qe7 48. Qf4 Rc8 49. Qd4 Qc7 50. Qe5 Kg8 51. Qe6+ Kh7 52. Qf5+ Kh8 53.
Qe5 Kg8 1/2-1/2

[Event "Prague Masters 2025"]
[Site "Praga"]
[Date "05.03.2025"]
[Round "7"]
[White "Le, Quang Liem"]
[Black "Shankland, Sam"]
[Result "0-1"]
[WhiteTitle "GM"]
[BlackTitle "GM"]
[WhiteElo "2739"]
[BlackElo "2670"]
[WhiteFideId "12401137"]
[BlackFideId "2004887"]
[EventDate "26.02.2025"]

1. e4 c5 2. Nf3 d6 3. d4 cxd4 4. Nxd4 Nf6 5. Nc3 a6 6. Be2 e6 7. O-O Be7 8. f4
O-O 9. Kh1 Nc6 10. a4 Bd7 11. Nb3 e5 12. Be3 exf4 13. Rxf4 Be6 14. Nd5 Nd7 15.
Nxe7+ Qxe7 16. Nd2 d5 17. Qg1 Rfe8 18. Raf1 Nde5 19. c3 Ng6 20. Bc5 Qg5 21. Qe3
Nxf4 22. Rxf4 Ne5 23. Kg1 Ng6 24. Rf3 Qxe3+ 25. Rxe3 dxe4 26. Nxe4 Bd5 27. Nd6
Rxe3 28. Bxe3 Rd8 29. Bc5 Nf4 30. Bf1 b6 31. Ba3 a5 32. Kf2 g6 33. g3 Ne6 34.
Bb5 f5 35. Ke3 Nc5 36. Ne8 Kf7 37. Nc7 Ne6 38. Nxd5 Rxd5 39. b4 g5 40. bxa5 bxa5
41. Ke2 Re5+ 42. Kf1 Nc5 43. Bc1 Kg6 44. Bd2 Ne4 45. Be1 Nd6 46. c4 Re4 47. Bxa5
Nxb5 48. cxb5 Rxa4 49. Bc7 Rb4 50. b6 Rb2 51. Ke1 Kf7 52. Kd1 Ke6 53. Kc1 Rb5
54. Kd2 Kd5 55. Kd3 Rb3+ 56. Kc2 Kc4 57. Kd2 Kd4 58. Kc2 Rb5 59. Kd2 Ke4 60. Kc3
f4 61. gxf4 gxf4 62. Kc4 Rb1 63. Kc5 f3 64. Bg3 Ke3 0-1

[Event "Prague Masters 2025"]
[Site "Praga"]
[Date "05.03.2025"]
[Round "7"]
[White "Giri, Anish"]
[Black "Aravindh, Chithambaram VR."]
[Result "0-1"]
[WhiteTitle "GM"]
[BlackTitle "GM"]
[WhiteElo "2728"]
[BlackElo "2729"]
[WhiteFideId "24116068"]
[BlackFideId "5072786"]
[EventDate "26.02.2025"]

1. d4 d5 2. c4 e6 3. Nc3 Be7 4. cxd5 exd5 5. Bf4 Nf6 6. e3 Bf5 7. Nf3 c6 8. Nh4
Bg4 9. Qc2 Nbd7 10. h3 Be6 11. Nf3 Ne4 12. Bd3 f5 13. Bh2 O-O 14. O-O Kh8 15.
Ne2 a5 16. Ne5 Nxe5 17. Bxe5 Bf6 18. f3 Nd6 19. g4 Qe7 20. Ng3 g6 21. Rae1 Bxe5
22. dxe5 Nf7 23. f4 Qh4 24. Kg2 Ng5 25. Rh1 d4 26. fxg5 dxe3 27. gxf5 gxf5 28.
Rxe3 f4 29. Rf3 fxg3 30. Be4 Rxf3 31. Bxf3 Rf8 32. Qe4 Rf4 33. Qd3 Rxf3 34. Qd8+
Kg7 35. Kxf3 Bd5+ 36. Ke3 Qe4+ 37. Kd2 Qf4+ 38. Kc2 Qf5+ 39. Kd2 Bxh1 0-1

[Event "Prague Masters 2025"]
[Site "Praga"]
[Date "06.03.2025"]
[Round "8"]
[White "Keymer, Vincent"]
[Black "Gurel, Ediz"]
[Result "1/2-1/2"]
[WhiteTitle "GM"]
[BlackTitle "GM"]
[WhiteElo "2731"]
[BlackElo "2624"]
[WhiteFideId "12940690"]
[BlackFideId "44507356"]
[EventDate "26.02.2025"]

1. e4 e5 2. Nf3 Nf6 3. d4 Nxe4 4. dxe5 d5 5. Nbd2 Qd7 6. Bd3 Nc5 7. Be2 Ne6 8.
O-O Be7 9. Re1 O-O 10. Nf1 c5 11. Ng3 Nc6 12. b3 b6 13. Bd2 Bb7 14. Bd3 Rad8 15.
h4 Qc7 16. Bf5 Bc8 17. h5 h6 18. c3 d4 19. Qe2 dxc3 20. Bxc3 Rfe8 21. Bb1 Ncd4
22. Bxd4 cxd4 23. Qe4 Nf8 24. Bd3 Bb4 25. Re2 Qb7 26. Bb5 Qxe4 27. Rxe4 Bd7 28.
Bxd7 Rxd7 29. Rd1 Ne6 30. Ne2 Ba3 31. Nf4 Nxf4 32. Rxf4 d3 33. Re4 Rc8 34. Kf1
Rc2 35. Rd4 Rxd4 36. Nxd4 Rxa2 37. Rxd3 Bc5 38. f3 a5 39. g4 Bxd4 40. Rxd4 Ra3
41. Rd3 a4 42. Rd8+ Kh7 43. bxa4 Rxf3+ 44. Kg2 Rf4 45. Kg3 Rxa4 46. Rd7 Re4 47.
Rb7 Rxe5 48. Rxb6 Re3+ 49. Kf4 Re1 50. Rb7 g5+ 51. hxg6+ Kxg6 52. Rb5 Ra1 53.
Rc5 Ra4+ 54. Kg3 f6 55. Rb5 Re4 56. Ra5 Re5 57. Ra8 1/2-1/2

[Event "Prague Masters 2025"]
[Site "Praga"]
[Date "06.03.2025"]
[Round "8"]
[White "Shankland, Sam"]
[Black "Giri, Anish"]
[Result "0-1"]
[WhiteTitle "GM"]
[BlackTitle "GM"]
[WhiteElo "2670"]
[BlackElo "2728"]
[WhiteFideId "2004887"]
[BlackFideId "24116068"]
[EventDate "26.02.2025"]

1. e4 c5 2. Nf3 d6 3. d4 cxd4 4. Nxd4 Nf6 5. Nc3 Nc6 6. Bg5 e6 7. Qd2 a6 8. Nxc6
bxc6 9. O-O-O Be7 10. f4 d5 11. Qe1 Rb8 12. exd5 cxd5 13. Bc4 O-O 14. Bb3 a5 15.
Kb1 Bd7 16. a4 Rb4 17. f5 Qb6 18. fxe6 fxe6 19. Rxd5 Nxd5 20. Nxd5 exd5 21. Qxe7
Rxb3 22. cxb3 Bf5+ 23. Ka1 Qxb3 24. Qa3 Qc2 25. Be3 Qxg2 26. Rg1 Qe4 27. Bb6 Bg6
28. Bxa5 Rf4 29. Bd2 Rg4 30. Rf1 h5 31. h3 Rg2 32. Ba5 Kh7 33. Qb4 Qd3 34. Rc1
Qxh3 35. Qb5 d4 36. Qd5 Qe3 37. Rd1 Qe2 38. Qxd4 Rg4 39. Qd7 Qc2 0-1

[Event "Prague Masters 2025"]
[Site "Praga"]
[Date "06.03.2025"]
[Round "8"]
[White "Praggnanandhaa, Rameshbabu"]
[Black "Le, Quang Liem"]
[Result "1/2-1/2"]
[WhiteTitle "GM"]
[BlackTitle "GM"]
[WhiteElo "2741"]
[BlackElo "2739"]
[WhiteFideId "25059530"]
[BlackFideId "12401137"]
[EventDate "26.02.2025"]

1. d4 d5 2. c4 e6 3. Nf3 Nf6 4. Nc3 Nbd7 5. g3 Be7 6. Bg2 O-O 7. O-O dxc4 8. a4
c5 9. e4 cxd4 10. Qxd4 Nc5 11. Qxc4 Qd3 12. Qb4 a5 13. Qa3 Qd8 14. Rd1 Qb6 15.
Be3 Ng4 16. Bd4 Qb4 17. h3 Nf6 18. e5 Nfd7 19. Rab1 Nb3 20. Be3 Bc5 21. Bxc5
Ndxc5 22. Ne1 Bd7 23. Nc2 Qxa3 24. bxa3 Bc6 25. Ne3 Rfd8 26. Nc4 Rd4 27. Rxd4
Nxd4 28. Bxc6 bxc6 29. Rb6 Nd7 30. Rb7 Nf3+ 31. Kg2 Nfxe5 32. Nd6 Nc5 33. Rc7
Na6 34. Rb7 Nc5 35. Rc7 Na6 36. Rb7 Nc5 1/2-1/2

[Event "Prague Masters 2025"]
[Site "Praga"]
[Date "06.03.2025"]
[Round "8"]
[White "Aravindh, Chithambaram VR."]
[Black "Navara, David"]
[Result "1/2-1/2"]
[WhiteTitle "GM"]
[BlackTitle "GM"]
[WhiteElo "2729"]
[BlackElo "2677"]
[WhiteFideId "5072786"]
[BlackFideId "309095"]
[EventDate "26.02.2025"]

1. e4 e5 2. Nf3 Nc6 3. Bb5 Nf6 4. O-O Nxe4 5. Re1 Nd6 6. Nxe5 Be7 7. Bf1 Nxe5 8.
Rxe5 O-O 9. d4 Bf6 10. Re1 Re8 11. c3 Rxe1 12. Qxe1 Qe7 13. Qxe7 Bxe7 14. Bf4 g5
15. Bxd6 Bxd6 16. Nd2 Bf4 17. Ne4 Kg7 18. Re1 d5 19. Ng3 Bxg3 20. hxg3 Be6 21.
Bd3 h6 22. f4 Re8 23. Kf2 Bd7 24. Rxe8 Bxe8 25. g4 Bd7 26. Kf3 Kf6 27. g3 b6 28.
Be2 Ke7 29. Ke3 Kd6 30. Bf3 f6 31. Be2 Be6 32. Bf3 Bd7 1/2-1/2

[Event "Prague Masters 2025"]
[Site "Praga"]
[Date "07.03.2025"]
[Round "9"]
[White "Nguyen, Thai Dai Van"]
[Black "Keymer, Vincent"]
[Result "1/2-1/2"]
[WhiteTitle "GM"]
[BlackTitle "GM"]
[WhiteElo "2668"]
[BlackElo "2731"]
[WhiteFideId "358878"]
[BlackFideId "12940690"]
[EventDate "26.02.2025"]

1. e4 e5 2. Nf3 Nc6 3. Bb5 a6 4. Ba4 Nf6 5. O-O Be7 6. Re1 b5 7. Bb3 O-O 8. c3
d5 9. exd5 Nxd5 10. Nxe5 Nxe5 11. Rxe5 c6 12. Re1 Bd6 13. d3 Bf5 14. Qf3 Qh4 15.
g3 Qh3 16. Be3 Bxd3 17. Nd2 Bf5 18. Bxd5 cxd5 19. Bf4 Rad8 20. Bxd6 Rxd6 21. Re5
Bg4 22. Qd3 Rh6 23. Nf1 Rf6 24. Nd2 Rh6 25. Nf1 Rf6 26. Re3 Bf5 27. Qe2 Be6 28.
Rd1 Rg6 29. Rd4 Rg4 30. f4 Rg6 31. Re5 Bg4 32. Qg2 Qxg2+ 33. Kxg2 Bc8 34. Kf2
Bb7 35. Ne3 Rd6 36. Nxd5 Rfd8 37. Ne7+ Kf8 38. Nf5 Rxd4 39. Nxd4 b4 40. Rc5 bxc3
41. bxc3 Rd7 42. Ke3 f6 43. Rc4 Ke7 44. Nb3 h5 45. Rd4 Rc7 46. c4 Ke6 47. Na5
Bg2 48. Rd2 Bh1 49. Rd1 Bg2 50. Rd2 Bh1 51. Rd1 Bg2 52. Rg1 Bh3 53. Rc1 Re7 54.
Nc6 Re8 55. Rd1 Rc8 56. Nd4+ Kd6 57. Nb3+ Kc7 58. Rd5 Re8+ 59. Kd2 g6 60. c5 Bg4
61. Nd4 Rb8 62. Kc3 Rb1 63. f5 gxf5 64. Ne6+ Kc8 65. Rd8+ Kb7 66. Rd7+ Kc8 67.
Rd8+ Kb7 68. Rd7+ Kc8 69. Rc7+ Kb8 70. Rf7 Rc1+ 71. Kb2 Rh1 72. c6 f4 73. Nxf4
Rxh2+ 74. Kc3 Bf3 75. c7+ Kb7 76. Ne6 Bg4 77. Nc5+ Kb6 78. Ne4 Rxa2 79. Nxf6 Bc8
80. Nd5+ Kb7 81. Rf6 Ra1 82. Kd4 Rc1 83. Rh6 Bg4 84. Rh8 Bc8 85. Rxh5 Be6 86.
Nf4 Bc8 87. Nd5 Be6 88. Nf4 Bc8 1/2-1/2

[Event "Prague Masters 2025"]
[Site "Praga"]
[Date "07.03.2025"]
[Round "9"]
[White "Navara, David"]
[Black "Shankland, Sam"]
[Result "1/2-1/2"]
[WhiteTitle "GM"]
[BlackTitle "GM"]
[WhiteElo "2677"]
[BlackElo "2670"]
[WhiteFideId "309095"]
[BlackFideId "2004887"]
[EventDate "26.02.2025"]

1. e4 c5 2. Nf3 e6 3. d4 cxd4 4. Nxd4 Nf6 5. Nc3 Nc6 6. Nxc6 bxc6 7. e5 Nd5 8.
Ne4 Qc7 9. f4 Qb6 10. c4 Bb4+ 11. Ke2 f5 12. exf6 Nxf6 13. Be3 Qd8 14. Nd6+ Bxd6
15. Qxd6 Bb7 16. Rd1 Rc8 17. g4 c5 18. Rg1 Qc7 19. g5 Ne4 20. Qe5 d6 21. Qxe6+
Kd8 22. g6 Re8 23. gxh7 Rxe6 24. h8=Q+ Re8 25. Qxg7 Qb6 26. Rg6 Rc7 27. Rgxd6+
Nxd6 28. Qf6+ Kc8 29. Rxd6 Rc6 30. Rxc6+ Bxc6 31. Kf2 Bd7 32. Qxb6 axb6 33. b4
cxb4 34. Bxb6 Rh8 35. Kg3 Rg8+ 36. Kf2 Rh8 37. Kg3 Rg8+ 38. Kf2 1/2-1/2

[Event "Prague Masters 2025"]
[Site "Praga"]
[Date "07.03.2025"]
[Round "9"]
[White "Giri, Anish"]
[Black "Praggnanandhaa, Rameshbabu"]
[Result "1-0"]
[WhiteTitle "GM"]
[BlackTitle "GM"]
[WhiteElo "2728"]
[BlackElo "2741"]
[WhiteFideId "24116068"]
[BlackFideId "25059530"]
[EventDate "26.02.2025"]

1. d4 Nf6 2. c4 g6 3. Nc3 Bg7 4. e4 d6 5. Be2 O-O 6. Nf3 e5 7. O-O exd4 8. Nxd4
Re8 9. f3 c6 10. Kh1 Nbd7 11. Be3 a6 12. Nc2 Ne5 13. f4 Neg4 14. Bg1 h5 15. Bf3
Be6 16. Qd3 b5 17. cxb5 axb5 18. Rfd1 d5 19. e5 Nd7 20. Nd4 Ndxe5 21. fxe5 Nxe5
22. Qc2 Bd7 23. a3 h4 24. h3 c5 25. Bxd5 cxd4 26. Bxd4 Rb8 27. Ne4 Bg4 28. Bxf7+
Kxf7 29. hxg4 Qe7 30. Bc5 Qc7 31. Qb3+ Nc4 32. Nd6+ Kg8 33. Nxe8 Rxe8 34. Qxb5
Re4 35. Bd4 Ne3 36. Bxe3 Rxe3 37. Rd3 Rg3 38. Rd7 Qf4 39. Qb7 Qf6 40. Re1 1-0

[Event "Prague Masters 2025"]
[Site "Praga"]
[Date "07.03.2025"]
[Round "9"]
[White "Gurel, Ediz"]
[Black "Aravindh, Chithambaram VR."]
[Result "1/2-1/2"]
[WhiteTitle "GM"]
[BlackTitle "GM"]
[WhiteElo "2624"]
[BlackElo "2729"]
[WhiteFideId "44507356"]
[BlackFideId "5072786"]
[EventDate "26.02.2025"]

1. e4 c6 2. d4 d5 3. e5 Bf5 4. g4 Bd7 5. Nc3 e6 6. Be3 c5 7. dxc5 Qc7 8. Nb5
Bxb5 9. Bxb5+ Nc6 10. c3 h5 11. g5 Ne7 12. Nf3 Nf5 13. Bd4 Nxd4 14. Qxd4 Be7 15.
O-O O-O 16. Qe3 g6 17. b4 b6 18. cxb6 axb6 19. a4 Rfc8 20. Rfc1 Bf8 21. Re1 Bg7
22. Rac1 Qb8 23. h3 Ra7 24. Qf4 Ra8 25. Qe3 Ra7 26. Qf4 Ra8 27. Kg2 Ra7 28. Kf1
Ra8 29. Kg1 Ra7 30. Kg2 Ra8 31. Re3 Ra7 32. Rce1 Qa8 33. Nd4 Nxd4 34. Qxd4 Rac7
35. Kg1 Qb7 36. Ra1 Bf8 37. a5 bxa5 38. Rxa5 Ra8 39. Rxa8 1/2-1/2